ARRUPE JESUIT UNIVERSITY

CORONAVIRUS -STOP THE SPREAD - CLEAN,DISINFECT,COVER
Normal view MARC view

Entry Corporate Name

Number of records used in: 1

001 - CONTROL NUMBER

  • control field: 42863

003 - CONTROL NUMBER IDENTIFIER

  • control field: ARRUPE

005 - DATE AND TIME OF LATEST TRANSACTION

  • control field: 20181012091837.0

008 - FIXED-LENGTH DATA ELEMENTS

  • fixed length control field: 181012|| aca||aabn | a|a d

040 ## - CATALOGING SOURCE

  • Original cataloging agency: ARRUPE
  • Transcribing agency: ARRUPE

110 ## - HEADING--CORPORATE NAME

  • Corporate name or jurisdiction name as entry element: Catholic Church
  • Geographic subdivision: Africa, Sub-Saharan.

670 ## - SOURCE DATA FOUND

  • Source citation: Work cat.: (ARRUPE)0: Häring, Bernhard, 1912-1998. 42861, I have learnt with wonder :, 1994.

 

Arrupe Library. PO Box MP320 Mt Pleasant, Harare, Zimbabwe
263 242 745411|librarian@aju.ac.zw